<?xml version="1.0" encoding="UTF-8"?><?xml-stylesheet type="text/xsl" href="static/style.xsl"?><OAI-PMH xmlns="http://www.openarchives.org/OAI/2.0/" xmlns:xsi="http://www.w3.org/2001/XMLSchema-instance" xsi:schemaLocation="http://www.openarchives.org/OAI/2.0/ http://www.openarchives.org/OAI/2.0/OAI-PMH.xsd"><responseDate>2026-04-14T04:02:12Z</responseDate><request verb="GetRecord" identifier="oai:www.recercat.cat:20.500.14342/1644" metadataPrefix="marc">https://recercat.cat/oai/request</request><GetRecord><record><header><identifier>oai:recercat.cat:20.500.14342/1644</identifier><datestamp>2025-03-11T19:12:43Z</datestamp><setSpec>com_2072_482406</setSpec><setSpec>com_2072_183628</setSpec><setSpec>col_2072_482421</setSpec></header><metadata><record xmlns="http://www.loc.gov/MARC21/slim" xmlns:dcterms="http://purl.org/dc/terms/" xmlns:xsi="http://www.w3.org/2001/XMLSchema-instance" xmlns:doc="http://www.lyncode.com/xoai" xsi:schemaLocation="http://www.loc.gov/MARC21/slim http://www.loc.gov/standards/marcxml/schema/MARC21slim.xsd">
   <leader>00925njm 22002777a 4500</leader>
   <datafield ind2=" " ind1=" " tag="042">
      <subfield code="a">dc</subfield>
   </datafield>
   <datafield ind2=" " ind1=" " tag="720">
      <subfield code="a">Aldalur Gurrutxaga, Maialen</subfield>
      <subfield code="e">author</subfield>
   </datafield>
   <datafield ind2=" " ind1=" " tag="260">
      <subfield code="c">2020-06</subfield>
   </datafield>
   <datafield ind2=" " ind1=" " tag="520">
      <subfield code="a">Introduction: A low H/Q ratio is considered a relevant risk factor for ACL injury due to the reduced capacity for dynamic knee-joint stabilisation. The decline of this value after menarche in contrast to the rise in males makes adolescent girls more susceptible to ACL injuries. The main objective of the study is to determine a normative H/Q ratio value and hamstring and quadriceps strength values in healthy elite youth female basketball, handball and volleyball athletes. Participants: A total of 55 basketball (n=19), handball (n=21) and volleyball (n=15) female athletes were included in the study, all those belonging to the Catalan Technification Centre. Methods: The maximal isometric voluntary muscle contraction (IVMCmax) of quadriceps and hamstring were assessed using a fixed hand-held dynamometer (HHD). (Mark-10 series 3 Digital Force Gauge, Copiague, NY). Results: The H/Q ratio values fluctuates between 0.35 and 0.42, therefore, in accordance with other studies we observe that the pre-established ratio value of 0.6 as an injury risk cut-off point does not reflect all sports, sexes and ages . No statistically significant strength differences were observed by sport or dominance. Furthermore, a significant age effect was observed in relation to the quadriceps normalised strength peak torque (p = 0.02)</subfield>
   </datafield>
   <datafield ind1="8" ind2=" " tag="024">
      <subfield code="a">http://hdl.handle.net/20.500.14342/1644</subfield>
   </datafield>
   <datafield tag="653" ind2=" " ind1=" ">
      <subfield code="a">Fisioteràpia -- TFM</subfield>
   </datafield>
   <datafield tag="653" ind2=" " ind1=" ">
      <subfield code="a">Dones esportistes -- TFM</subfield>
   </datafield>
   <datafield tag="653" ind2=" " ind1=" ">
      <subfield code="a">Condició física -- TFM</subfield>
   </datafield>
   <datafield tag="653" ind2=" " ind1=" ">
      <subfield code="a">Esportistes adolescents -- Ferides i lesions -- TFM</subfield>
   </datafield>
   <datafield ind2="0" ind1="0" tag="245">
      <subfield code="a">Normative hamstring-to-quadriceps strength value in elite female basketball, handball and volleyball atletes</subfield>
   </datafield>
</record></metadata></record></GetRecord></OAI-PMH>